| 000 | 01044nam a22001937a 4500 | ||
|---|---|---|---|
| 999 |
_c62876 _d62876 |
||
| 005 | 20251125233100.0 | ||
| 008 | s2553 th tha d | ||
| 040 | _aNALT | ||
| 041 | _atha | ||
| 090 | _aIS 5/2553 52 | ||
| 100 | 0 |
_aนรชัย ชิดบุรี _98829 |
|
| 245 | 1 | 0 | _aการเพิ่มประสิทธิภาพการปฏิบัติงานของกลุ่มงานกระทู้ถาม : ศึกษากรณีเหตุขัดข้องรัฐมนตรีไม่ตอบกระทู้ถามในราชกิจจานุเบกษา (เอกสารวิชาการกรณีศึกษาส่วนบุคคล) |
| 260 | 3 |
_aกรุงเทพฯ : _bรัฐสภา, _c2553 |
|
| 300 |
_a61 หน้าแผนภาพ ; _b 30 ซม. |
||
| 850 | _aNALT | ||
| 856 | 4 | 0 | _uhttps://hdl.handle.net/20.500.14156/18471 |
| 942 |
_cIS _2local _02 |
||